Inchiesta sulla legge nell'occidente giuridico.

Guardat en:
Dades bibliogràfiques
Altres autors: Vincenti, Umberto (Editor, autor), Ainis, Michele (autora), Ferrarese, María R. (autora), Grossi, Paolo (autore), Mattei, Ugo (autor), Santucci, Gianni (autor)
Format: Llibre
Publicat: Torino, Italia: G. Giappiachelli Editore, 2005.
Col·lecció:Law and Argumentation,
Matèries:
Etiquetes: Afegir etiqueta
Sense etiquetes, Sigues el primer a etiquetar aquest registre!

MARC

LEADER 00000nam a22000007a 4500
003 CL-VaPUC
005 20220822114615.0
008 220713t2005 ||||| |||| 00| 0 eng d
999 |c 436976  |d 436974 
020 |a 88-348-4608-7 
040 |c Pontificia Universidad Católica de Valparaíso 
082 7 |a 340.11 VIN 2005  |2 22 
100 1 |a Vincenti, Umberto  |e editor  |9 872776 
245 1 |a Inchiesta sulla legge nell'occidente giuridico. 
260 |a Torino, Italia:  |b G. Giappiachelli Editore,   |c 2005. 
300 |a 120 páginas.  
490 |a Law and Argumentation,   |n  1. 
500 |a c.1-c.2. Donación Familia Prof. Alejandro Guzmán Brito. 
583 |c 20220713  |k Cristina María Rojas Aguilar 
650 |a Derecho  |x Concepto  |9 872777 
650 |a Derecho   |z Occidente  |9 872778 
700 |a Ainis, Michele   |e autora  |9 872779 
700 |a Ferrarese, María R.  |e autora  |9 872780 
700 |a Grossi, Paolo  |e autore  |9 872781 
700 |a Mattei, Ugo  |e autor  |9 872782 
700 |a Santucci, Gianni  |e autor  |9 872783 
700 |a Vincenti, Umberto  |e autor  |9 872776 
942 |2 ddc  |c BK  |n 0 
952 |0 0  |1 0  |2 ddc  |4 0  |6 340_110000000000000_VIN_2005  |7 1  |8 C_AGB  |9 584711  |a BIBDER  |b BIBDER  |d 2022-07-13  |e Donación   |i 5652774  |o 340.11 VIN 2005  |p 5652774  |r 2023-01-25  |t 1  |w 2022-07-13  |y BK_US  |k AGB 
952 |0 0  |1 0  |2 ddc  |4 0  |6 340_110000000000000_VIN_2005  |7 1  |8 C_AGB  |9 584796  |a BIBDER  |b BIBDER  |d 2022-07-14  |e Donación  |i 5652982  |o 340.11 VIN 2005  |p 5652982  |r 2023-01-25  |t 2  |w 2022-07-14  |y BK_US  |k AGB